Trouvez la position des lettres dans l'alphabet - Statistiques

Statistiques générales
  • Ce quiz a été pris 1 228 fois
  • Le résultat moyen est 9 sur 13
Statistiques - réponses
Lettre Position % Correct
A 1
89%
Z 26
85%
C 3
84%
E 5
84%
D 4
78%
J 10
76%
B 2
76%
X 24
73%
W 23
72%
V 22
71%
F 6
71%
H 8
71%
Y 25
70%
L 12
68%
M 13
68%
N 14
68%
O 15
67%
U 21
64%
G 7
64%
R 18
62%
K 11
61%
S 19
61%
T 20
61%
I 9
59%
Q 17
57%
P 16
53%
Aucun quiz correspondant
Distribution des résultats
% des personnes avec chaque résultat
Percentile par nombre de réponses
Votre historique - résultats
Vous n’avez pas pris ce quiz